000 00858nam a2200241Ii 4500
003 JO-AjNU
008 230605s9999||||xx |||||||||||||| ||und||
017 _a1427/3324
020 _a9960-877-65-5
040 _aJO-AjNU
_bara
_erda
_cJO-AjNU
041 _aara
050 1 4 _aPJ8005.2.A8222 2006
100 3 _aالعساف،عبدالله خلف,
_eauthor
_923660
245 0 0 _aدراسات جمالية نصية في الشعر السعودي الجديد (ممارسة في النقد التطبيقي)
250 _aط1
264 3 1 _aالرياض: مؤسسة اليمامة الصحفية، 2006
300 _a328ص
336 _atext
_btxt
_2rdacontent
337 _aunmediated
_bn
_2rdamedia
338 _avolume
_bnc
_2rdacarrier
490 0 _aسلسلة كتاب الرياض 147
650 4 _aالشعر العربي - السعودية
_923661
999 _aA8594
_c12162
_d12162